000
00310nam a2200145Ia 4500
100
_a
Kuo/B.C
250
_a
5
942
_c
BK
654
_a
automatic
245
_a
Automatic Control Systems7 th ed
260
_b
prentice hall
_a
New Delhi
_c
1995
082
_a
629.8
_b
KUO
300
_a
897
546
_a
ENGLISH
999
_c
34283
_d
34283